| 000 | 00860cam a2200277 a 4500 | ||
|---|---|---|---|
| 001 | 1864764 | ||
| 003 | OSt | ||
| 005 | 20230619153630.0 | ||
| 008 | 830215s1981 stkab 000 0 eng | ||
| 010 | _a 82125569 | ||
| 020 | _a0702803766 | ||
| 020 | _a0715720236 (Holmes McDougall) | ||
| 040 |
_aDLC _cDLC _dDLC |
||
| 050 | 0 | 0 |
_aTD170.2 _b.M33 1981 |
| 082 | 0 | 0 |
_a304.2 _219 _bMAC |
| 100 | 1 | _aMaclean, Kenneth. | |
| 245 | 1 | 0 |
_aWorld environmental problems / _cKenneth Maclean and Norman Thomson. |
| 250 | _a1st ed. | ||
| 260 |
_aEdinburgh : _bBartholomew : _bHolmes McDougall, _c1981. |
||
| 300 |
_a67 p. : _bill. (some col.), col. maps ; _c30 cm. |
||
| 650 | 0 |
_aEnvironmental protection _xAtlases. |
|
| 650 | 0 |
_aHuman ecology _xAtlases. |
|
| 700 | 1 |
_aThomson, Norman, _d1933-2013. |
|
| 906 |
_a7 _bcbc _corignew _d3 _encip _f19 _gy-gencatlg |
||
| 942 |
_2ddc _cBK |
||
| 999 |
_c1391 _d1391 |
||